000 00877nam a2200265Ia 4500
003 OSt
005 20220930092450.0
006 a|||||r|||| 00| 0
007 ta
008 220926b |||||||| |||| 00| 0 eng d
024 _a21289
037 _cTheses
040 _aCRL
_cCRL
_beng
041 _2eng
_aeng
100 _aSneh Lata
_9528056
110 _aUniversity of Delhi. Faculty of Medical Sciences. Department of Microbiolgoy
_9548817
245 0 _aGenetic and functional characterization of HIV-1 regulatory genes
260 _c2014
650 _aMICROBIOLOGY
700 _a Dr. A. C. Banerjea Gu.
_9541199
700 _a Prof. Shukla Das Gu.
_9545724
700 _aUniversity of Delhi. Faculty of Medical Sciences. Department of Microbiolgoy
_9548818
942 _cDIS
_2CC
999 _c883815
_d883815